| 000 | 01469nam0a2200397 4500 | ||
|---|---|---|---|
| 001 | RU\NLR\bibl\118204 | ||
| 005 | 20250617095446.0 | ||
| 010 |
_a5-7856-0147-8 _95000 |
||
| 021 |
_aRU _b2000-28814 _91362 |
||
| 035 | _a(NLR Aleph) 000115771 | ||
| 090 |
_a657923 _c657923 |
||
| 100 | _a20001012d2000 |||y0rusy50 ca | ||
| 101 | 0 | _arus | |
| 102 | _aRU | ||
| 105 | _ay ||||||||| | ||
| 200 | 1 |
_aЦены и ценообразование _eУчеб. пособие _fН. Я. Яковлев |
|
| 205 | _a2-е изд., перераб. и доп. | ||
| 210 |
_aМ. _cМаркетинг _d2000 |
||
| 215 |
_a104, [1] с. _d20 |
||
| 320 | _aБиблиогр.: с. 104-105 | ||
| 606 | 0 |
_aЦенообразование _jРуководства, пособия и т.п. _91274254 _3RU\NLR\auth\66207032 |
|
| 606 | 0 |
_aЦенообразование _jУчебные издания _91274254 _3RU\NLR\auth\66207032 |
|
| 610 | 0 | _aЦена и ценообразование | |
| 675 |
_a338.5(075.8) _v3 _zrus |
||
| 686 |
_a06.75 _2rugasnti |
||
| 686 |
_a65.422я73 _2rubbk |
||
| 686 | _aУ9(2)-861я7 | ||
| 700 | 1 |
_4070 _7ca _8rus _aЯковлев _bН. Я. _cканд. экон. наук _f1934-2019 _gНиколай Яковлевич _92647774 _3RU\NLR\AUTH\770275807 |
|
| 801 | 0 |
_aRU _bRKP _c20001012 _gPSBO |
|
| 801 | 1 |
_aRU _bRKP _c20001012 |
|
| 801 | 2 |
_aRU _bNLR _c20010109 _grcr |
|
| 852 |
_aNLR _j2000-3/14457 |
||
| 942 | _cBOOK | ||
| 980 | _aNB | ||